Principles of educational and psychological measurement and evaluation / (Record no. 7657)
[ view plain ]
| 000 -LEADER | |
|---|---|
| fixed length control field | 00925cam a2200289 i 4500 |
| 001 - CONTROL NUMBER | |
| JCCL Control Number | 7657 |
| 003 - CONTROL NUMBER IDENTIFIER | |
| JCCL marc code | BD-JhCC |
| 005 - DATE AND TIME OF LATEST TRANSACTION | |
| control field | 20180212183056.0 |
| 008 - FIXED-LENGTH DATA ELEMENTS--GENERAL INFORMATION | |
| fixed length control field | 800207s1980 caua b 001 0 eng |
| 020 ## - INTERNATIONAL STANDARD BOOK NUMBER | |
| International Standard Book Number | 0534008321 |
| 035 ## - SYSTEM CONTROL NUMBER | |
| system control number | (BD-JhCC)7657 |
| 040 ## - CATALOGING SOURCE | |
| Original cataloging agency | DLC |
| Transcribing agency | DLC |
| Modifying agency | DLC |
| -- | BD-JhCC |
| 041 ## - LANGUAGE CODE | |
| Language code of Book | eng |
| 050 00 - LIBRARY OF CONGRESS CALL NUMBER | |
| Classification number | LB3051 |
| Item number | .S267 1980 |
| 082 00 - DEWEY DECIMAL CLASSIFICATION NUMBER | |
| Classification number | 371.2/6 |
| DDC Edition number | 19 |
| Author mark and Year | SAX 1980 |
| 100 1# - MAIN ENTRY--PERSONAL NAME | |
| Personal name | Sax, Gilbert. |
| 245 10 - TITLE STATEMENT | |
| Title | Principles of educational and psychological measurement and evaluation / |
| Statement of responsibility, etc | Gilbert Sax. |
| 250 ## - EDITION STATEMENT | |
| Edition statement | 2d ed. |
| 260 ## - PUBLICATION, DISTRIBUTION, ETC. (IMPRINT) | |
| Place of publication, distribution, etc | Belmont, Calif. : |
| Name of publisher, distributor, etc | Wadsworth Pub. Co., |
| Date of publication, distribution, etc | c1980. |
| 300 ## - PHYSICAL DESCRIPTION | |
| Pagination | xv, 688 p. : |
| Other physical details | ill. ; |
| Dimensions | 24 cm. |
| 500 ## - GENERAL NOTE | |
| General note | First ed. published in 1974 under title: Principles of educational measurement and evaluation. |
| 500 ## - GENERAL NOTE | |
| General note | Includes index. |
| 504 ## - BIBLIOGRAPHY, ETC. NOTE | |
| Bibliography, etc | Bibliography: p. [647]-667. |
| 650 #0 - SUBJECT ADDED ENTRY--TOPICAL TERM | |
| Topical term or geographic name as entry element | Educational tests and measurements |
| Geographic subdivision | United States. |
| 942 ## - ADDED ENTRY ELEMENTS (KOHA) | |
| Source of classification or shelving scheme | Dewey Decimal Classification |
| Koha item type | Books |
| Source of classification or shelving scheme | Damaged status | Not for loan | Home library | Current library | Shelving location | Total Checkouts | Full call number | Barcode | Date last seen | Copy number | Koha item type |
|---|---|---|---|---|---|---|---|---|---|---|---|
| Dewey Decimal Classification | JCC Rouf Library | JCC Rouf Library | General Stacks | 371.2/6 SAX 1980 | 1060 | 02/12/2018 | C - 1 | Books |